000 00723cam a2200217 a 4500
001 000008817
005 20200929161419.0
008 050328s2004 cu a 000 f spa
020 _a9592103321
040 _aDO-SdBNP
_cDLC
_dDLC
082 _aCu863.44
_bB641v
100 1 _aBlanco Castiñeira, Katiuska,
_d1964-
_923363
245 1 0 _aVoces del milagro /
_cKatiuska Blanco Castiñeira, Alina Perera, Alberto Núñez.
260 _aLa Habana, (Cuba) :
_bCasa Editora Abril,
_cc2004.
300 _a147 p. :
_bil. ;
_c20 cm.
650 4 _aNovela cubana
_92316
650 4 _aLiteratura cubana
_ySIGLO XX
_99186
700 1 _aPerera, Alina.
_915944
700 1 _aNúñez, Alberto.
_915945
910 _aCatalogación por copia / LC
999 _c8586
_d8586